Score 0/25 Timer 08:00
3 Plays Today
% Correct
Game of Thrones
96.7%
The Fresh Prince of Bel-Air
94%
The Office (US)
91.1%
Parks and Recreation
90.4%
Sex and the City
89%
Ugly Betty
88.8%
ER
87.1%
Buffy the Vampire Slayer
86%
Roseanne
83.8%
Mike & Molly
83%
New Girl
81.7%
Will & Grace
80.9%
3rd Rock from the Sun
79.9%
% Correct
Arrow
78.8%
Boy Meets World
74.1%
Weeds
70%
George Lopez
68.9%
Boardwalk Empire
65.2%
NYPD Blue
65.2%
Murphy Brown
60%
Felicity
50.5%
Last Man Standing
49.1%
Brothers & Sisters
42.5%
The Wire
38.3%
Mystery Science Theater 3000
32%
Remove Ads.
Support Sporcle.
Get the best of Sporcle when you Go Orange. This ad-free experience offers more features, more stats, and more fun while also helping to support Sporcle. Thank you for becoming a member.

You're not logged in!

Compare scores with friends on all Sporcle quizzes.
OR
Log In

Show Comments

Extras

Top Quizzes Today


Score Distribution

Your Account Isn't Verified!

In order to create a playlist on Sporcle, you need to verify the email address you used during registration. Go to your Sporcle Settings to finish the process.

Report this User

Report this user for behavior that violates our Community Guidelines.

Details: